| Tag |
First Indicator |
Second Indicator |
Subfields |
| LEADER |
00000cim a2200000Ia 4500 |
| 001 |
in00002335310 |
| 005 |
20210111145035.0 |
| 007 |
sd fungnn|||ee |
| 008 |
031128s2003 vaunnn g f eng d |
| 020 |
|
|
|a 1882513827
|
| 020 |
|
|
|a 9781882513826
|
| 024 |
1 |
|
|a 759534113327
|
| 028 |
0 |
2 |
|a 1124-033CD
|b Greathall Productions
|
| 035 |
|
|
|a (OCoLC)ocm53801748
|
| 035 |
|
|
|a (OCoLC)53801748
|
| 040 |
|
|
|a NTG
|c NTG
|d OCLCQ
|d ELW
|d EHH
|d TXA
|d UtOrBLW
|
| 043 |
|
|
|a n-usm--
|
| 049 |
|
|
|a TXAM
|
| 090 |
|
|
|a PS1306.A2
|b W45 2003
|
| 100 |
1 |
|
|a Weiss, Jim.
|
| 245 |
1 |
4 |
|a The adventures of Tom Sawyer /
|c as told by Jim Weiss.
|
| 246 |
1 |
|
|i At head of title on container:
|a Greathall Productions presents a storyteller's version of
|
| 264 |
|
0 |
|a Charlottesville, VA :
|b Greathall Productions, Inc.,
|c [2003]
|
| 264 |
|
4 |
|c ℗2003
|
| 300 |
|
|
|a 1 sound disc (approximately 1 hr.) :
|b digital ;
|c 4 3/4 in.
|
| 336 |
|
|
|a spoken word
|b spw
|2 rdacontent
|
| 337 |
|
|
|a audio
|b s
|2 rdamedia
|
| 338 |
|
|
|a audio disc
|b sd
|2 rdacarrier
|
| 500 |
|
|
|a Compact disc.
|
| 500 |
|
|
|a "The Mark Twain classic"--Container.
|
| 511 |
0 |
|
|a Jim Weiss, storyteller.
|
| 520 |
|
|
|a Designed to encourage children to read original classical literature either on their own or with the help of the more experienced readers in their lives, this story is a simple retelling of the adventures of Tom and his friends, who witness a murder by the villainous Injun Joe and sail the Mississippi River pretending to be pirates.
|
| 500 |
|
|
|a Sound recording.
|
| 600 |
1 |
0 |
|a Sawyer, Tom
|c (Fictitious character)
|v Juvenile sound recordings.
|
| 651 |
|
0 |
|a Mississippi River
|v Juvenile sound recordings.
|
| 650 |
|
0 |
|a Male friendship
|v Juvenile sound recordings.
|
| 650 |
|
0 |
|a Boys
|v Juvenile sound recordings.
|
| 650 |
|
0 |
|a Children's audiobooks.
|
| 651 |
|
0 |
|a Missouri
|x History
|y 19th century
|v Juvenile fiction.
|
| 650 |
|
1 |
|a Adventure and adventurers
|v Fiction.
|
| 655 |
|
7 |
|a Children's audiobooks.
|2 lcgft
|
| 700 |
1 |
|
|a Twain, Mark,
|d 1835-1910.
|t Adventures of Tom Sawyer.
|
| 710 |
2 |
|
|a Greathall Productions Inc.
|
| 994 |
|
|
|a C0
|b TXA
|
| 948 |
|
|
|a cataloged
|b h
|c 2007/11/1
|d c
|e blrosas
|f 3:07:37 pm
|
| 999 |
|
|
|a MARS
|
| 999 |
f |
f |
|s 56c0dc8b-a445-30c8-8d0f-bd7b48cbe87b
|i 7643fe8d-ae2b-3da9-aa9b-0318bbacf41e
|t 0
|
| 952 |
f |
f |
|p ric
|a Texas A&M University
|b Rellis Campus
|c Joint Library Facility
|d Remote Storage
|t 0
|e PS1306.A2 W45 2003
|h Library of Congress classification
|i audio -- audio disc
|m A14836620005
|
| 998 |
f |
f |
|a PS1306.A2 W45 2003
|t 0
|l Remote Storage
|